Sports Quiz

Random Sports or Football Quiz

Pittsburgh Steelers Pro Football Hall of Famers Quiz Stats

 Plays Quiz not verified by Sporcle

Challenge
Share
Tweet
Embed
Score 0/29 Timer 08:00
0 Plays Today
Seasons Player % Correct
1970-1983Terry Bradshaw
94.2%
1969-1981Mean Joe Greene
90.8%
1972-1983Franco Harris
90%
Owner & Chairman: 1933-1988, President: 1933-1974Art Rooney
90%
1974-1982Lynn Swann
90%
1993-1995Kevin Greene
89.2%
Head Coach: 1969-1991Chuck Noll
88.3%
Owner: 1975-2017, President: 1975-2013, Chairman: 2003-2017Dan Rooney
88.3%
1974-1984Jack Lambert
87.5%
1996-2005Jerome Bettis
86.7%
1974-1987John Stallworth
85%
1971-1982Jack Ham
84.2%
1970-1983Mel Blount
78.3%
1987-1996Rod Woodson
78.3%
1974-1988Mike Webster
74.2%
Seasons Player % Correct
1988-2000Dermontti Dawson
58.3%
1957-1959Len Dawson
57.5%
1960-1965John Henry Johnson
46.7%
1958-1962Bobby Layne
38.3%
1950-1963Ernie Stautner
35.8%
Owner:1941-1946, Head Coach: 1946Bert Bell
27.5%
1977-1978*Tony Dungy
25.8%
1951-1959Jack Butler
21.7%
1934, 1937-1938, Head Coach: 1937-1939John 'Blood' McNally
20.8%
1942, 1945-1946Bill Dudley
20%
1937-1938, Head Coach: 1939-1944, 1954-1956Walt Kiesling
18.3%
1949-1955**Jim Finks
15%
1955Marion Motley
13.3%
1936Cal Hubbard
11.7%

You're not logged in!

Compare scores with friends on all Sporcle quizzes.
Join for Free
OR
Log In

You Might Also Like...

Show Comments

Extras

Top Quizzes Today


Score Distribution

Your Account Isn't Verified!

In order to create a playlist on Sporcle, you need to verify the email address you used during registration. Go to your Sporcle Settings to finish the process.

Report this User

Report this user for behavior that violates our Community Guidelines.

Details: